The botany of mangroves
In addition to being a source of timber, mangroves--tropical plants growing in both marine and terrestrial environments--protect shorelines from wave damage and provide a nursery for many commercial fishes. This concise overview emphasizes the biology of individual species.
Shranjeno v:
| Glavni avtor: | |
|---|---|
| Format: | Knjiga |
| Jezik: | Undetermined |
| Izdano: |
New York
Cambridge University Press
1994
|
| Teme: | |
| Oznake: |
Označite
Brez oznak, prvi označite!
|
| Thư viện lưu trữ: | Trung tâm Học liệu Trường Đại học Cần Thơ |
|---|
| LEADER | 00849nam a2200193Ia 4500 | ||
|---|---|---|---|
| 001 | CTU_141745 | ||
| 008 | 210402s9999 xx 000 0 und d | ||
| 082 | |a 581.90952 | ||
| 082 | |b T659 | ||
| 100 | |a Tomlinson, P. B. | ||
| 245 | 4 | |a The botany of mangroves | |
| 245 | 0 | |c P.B. Tomlinson | |
| 260 | |a New York | ||
| 260 | |b Cambridge University Press | ||
| 260 | |c 1994 | ||
| 520 | |a In addition to being a source of timber, mangroves--tropical plants growing in both marine and terrestrial environments--protect shorelines from wave damage and provide a nursery for many commercial fishes. This concise overview emphasizes the biology of individual species. | ||
| 650 | |a Cây đước,Sinh thái học cây đước,Mangrove plants,Mangrove ecology | ||
| 904 | |i Trọng Hải | ||
| 980 | |a Trung tâm Học liệu Trường Đại học Cần Thơ | ||